000
00217 a2200085 4500
020
_a
9780799328530
100
_a
Van Der Merwe, Marie
_9
65442
245
_a
Sterrereen
999
_c
732662
_d
732661
942
_w
2694
_x
Grace Mofokeng
_y
296
_z
Phillipina Naude